Tablice rejestracyjne w Polsce - nazwy do tablic - Statystyki

Ogólne statystyki
  • Ten quiz został rozwiązany 40 razy
  • Średni wynik to 240 z 402
Statystyki odpowiedzi
Miasto/Powiat Tablica % Poprawnych
Białystok BI
85%
Łomża BL
85%
Suwałki BS
85%
Augustowski BAU
82%
Białostocki BIA
82%
Hajnowski BHA
76%
Suwalski BSU
74%
Grajewski BGR
71%
Kolneński BKL
71%
Zambrowski BZA
71%
Bydgoszcz CB
71%
Brodnicki CBR
71%
Bydgoski CBY
71%
Chełmiński CCH
71%
Grudziądz CG
71%
Golubsko-Dobrzyński CGD
71%
Grudziądzki CGR
71%
Inowrocławski CIN
71%
Lipnowski CLI
71%
Mogileński CMG
71%
Nakielski CNA
71%
Radziejowski CRA
71%
Rypiński CRY
71%
Sępoleński CSE
71%
Toruń CT
71%
Toruński CTR
71%
Tucholski CTU
71%
Włocławek CW
71%
Wąbrzeski CWA
71%
Włocławski CWL
71%
Bolesławiecki DBL
71%
Dzierżoniowski DDZ
71%
Głogowski DGL
71%
Górowski DGR
71%
Jelenia Góra DJ
71%
Jaworski DJA
71%
Kłodzki DKL
71%
Legnica DL
71%
Legnicki DLE
71%
Lubiński DLU
71%
Lwówecki DLW
71%
Milicki DMI
71%
Oleśnicki DOL
71%
Średzki (Śląski) DSR
71%
Strzeliński DST
71%
Świdnicki (Świdnica) DSW
71%
Trzebnicki DTR
71%
Wrocław DW
71%
Wołowski DWL
71%
Wrocławski DWR
71%
Zgorzelecki DZG
71%
Złotoryjski DZL
71%
Bełchatowski EBE
71%
Brzeziński EBR
71%
Łódź EL
71%
Piotrków Trybunalski EP
71%
Skierniewice ES
71%
Łomżyński BLM
68%
Moniecki BMN
68%
Wysokomazowiecki BWM
68%
Aleksandrowski CAL
68%
Świecki CSW
68%
Żniński CZN
68%
Kamiennogórski DKA
68%
Ząbkowicki DZA
68%
Sejneński BSE
65%
Siemiatycki BSI
65%
Sokólski BSK
65%
Lubański DLB
65%
Polkowicki DPL
65%
Kutnowski EKU
65%
Opoczyński EOP
65%
Pabianicki EPA
65%
Poddębicki EPD
65%
Piotrkowski EPI
65%
Pajęczański EPJ
65%
Radomszczański ERA
65%
Rawski ERW
65%
Sieradzki ESI
65%
Skierniewicki ESK
65%
Tomaszowski (Mazowiecki) ETM
65%
Wieluński EWI
65%
Zduńskowolski EZD
65%
Zgierski EZG
65%
Bytowski GBY
65%
Chojnicki GCH
65%
Człuchowski GCZ
65%
Gdańsk GD
65%
Gdański GDA
65%
Kartuski GKA
65%
Kościerski GKS
65%
Kwidzyński GKW
65%
Słupsk GS
65%
Ostródzki NOS
65%
Namysłowski ONA
65%
Opole OP
65%
Opolski OPO
65%
Łaski ELA
62%
Łęczycki ELE
62%
Łódzki Wschodni ELW
62%
Wieruszowski EWE
62%
Gorzów Wielkopolski FG
62%
Międzyrzecki FMI
62%
Nowosolski FNW
62%
Sulęciński FSU
62%
Świebodziński FSW
62%
Wschowski FWS
62%
Zielona Góra FZ
62%
Żarski FZA
62%
Żagański FZG
62%
Zielonogórski FZI
62%
Lęborski GLE
62%
Nowodworski (Gdański) GND
62%
Pucki GPU
62%
Słupski GSL
62%
Starogardzki GST
62%
Sztumski GSZ
62%
Tczewski GTC
62%
Wejherowski GWE
62%
Brzeski (Brzesko) KBR
62%
Chrzanowski KCH
62%
Dąbrowski KDA
62%
Gorlicki KGR
62%
Limanowski KLI
62%
Miechowski KMI
62%
Myślenicki KMY
62%
Nowosądecki KNS
62%
Nowotarski KNT
62%
Olkuski KOL
62%
Oświęcimski KOS
62%
Proszowicki KPR
62%
Kraków KR
62%
Krakowski KRA
62%
Suski KSU
62%
Tarnów KT
62%
Tarnowski KTA
62%
Wadowicki KWA
62%
Wielicki KWI
62%
Bartoszycki NBA
62%
Braniewski NBR
62%
Działdowski NDZ
62%
Elbląg NE
62%
Ełcki NEL
62%
Giżycki NGI
62%
Gołdapski NGO
62%
Iławski NIL
62%
Kętrzyński NKE
62%
Lidzbarski NLI
62%
Mrągowski NMR
62%
Olsztyn NO
62%
Olsztyński NOL
62%
Piski NPI
62%
Szczycieński NSZ
62%
Węgorzewski NWE
62%
Brzeski (Brzeg) OB
62%
Głubczycki OGL
62%
Kędzierzyńsko-Kozielski OK
62%
Kluczborski OKL
62%
Krapkowicki OKR
62%
Nyski ONY
62%
Prudnicki OPR
62%
Strzelecki OST
62%
Ciechanowski WCI
62%
Garwoliński WG
62%
Grójecki WGR
62%
Kozienicki WKZ
62%
Legionowski WL
62%
Miński WM
62%
Ostrołęka WO
62%
Ostrołęcki WOS
62%
Otwocki WOT
62%
Płock WP
62%
Piaseczyński WPI
62%
Pruszkowski WPR
62%
Radom WR
62%
Siedlce WS
62%
Łowicki ELC
59%
Krośnieński (Odrzański) FKR
59%
Strzelecko-Drezdenecki FSD
59%
Słubicki FSL
59%
Gdynia GA
59%
Malborski GMB
59%
Sopot GSP
59%
Kraków KK
59%
Tatrzański KTT
59%
Biała Podlaska LB
59%
Bialski LBI
59%
Biłgorajski LBL
59%
Chełm LC
59%
Chełmski LCH
59%
Hrubieszowski LHR
59%
Janowski LJA
59%
Kraśnicki LKR
59%
Krasnostawski LKS
59%
Opolski (Lubelski) LOP
59%
Parczewski LPA
59%
Puławski LPU
59%
Radzyński LRA
59%
Lublin LU
59%
Zamość LZ
59%
Zamojski LZA
59%
Elbląski NEB
59%
Nidzicki NNI
59%
Oleski OOL
59%
Chodzieski PCH
59%
Czarnkowsko-Trzcianecki PCT
59%
Gnieźnieński PGN
59%
Jarociński PJA
59%
Kalisz PK
59%
Kaliski PKA
59%
Kępiński PKE
59%
Kolski PKL
59%
Koniński PKN
59%
Krotoszyński PKR
59%
Kościański PKS
59%
Leszno PL
59%
Międzychodzki PMI
59%
Nowotomyski PNT
59%
Poznań PO
59%
Obornicki POB
59%
Ostrowski (Wielkopolski) POS
59%
Ostrzeszowski POT
59%
Pilski PP
59%
Krosno RK
59%
Krośnieński RKR
59%
Rzeszów RZ
59%
Bielsko-Biała SB
59%
Będziński SBE
59%
Bielski (Bielsko-Biała) SBI
59%
Bieruńsko-Lędziński SBL
59%
Częstochowa SC
59%
Cieszyński SCI
59%
Dąbrowa Górnicza SD
59%
Gliwice SG
59%
Gliwicki SGL
59%
Jaworzno SJ
59%
Katowice SK
59%
Kłobucki SKL
59%
Lubliniecki SLU
59%
Mysłowice SM
59%
Mikołowski SMI
59%
Myszkowski SMY
59%
Sosnowiec SO
59%
Pszczyński SPS
59%
Rybnik SR
59%
Raciborski SRC
59%
Tychy ST
59%
Zabrze SZ
59%
Zawierciański SZA
59%
Żywiecki SZY
59%
Warszawa: Bemowo WB
59%
Grodziski (Mazowiecki) WGM
59%
Gostyniński WGS
59%
Lipski WLI
59%
Łosicki WLS
59%
Makowski WMA
59%
Mławski WML
59%
Nowodworski (Mazowiecki) WND
59%
Płocki WPL
59%
Płoński WPN
59%
Pułtuski WPU
59%
Sierpecki WSE
59%
Siedlecki WSI
59%
Sokołowski WSK
59%
Szydłowiecki WSZ
59%
Żuromiński WZU
59%
Zwoleński WZW
59%
Żyrardowski WZY
59%
Choszczeński ZCH
59%
Drawski ZDR
59%
Goleniowski ZGL
59%
Gryfiński ZGR
59%
Gryficki ZGY
59%
Koszalin ZK
59%
Kamieński ZKA
59%
Kołobrzeski ZKL
59%
Koszaliński ZKO
59%
Łobeski ZLO
59%
Myśliborski ZMY
59%
Policki ZPL
59%
Pyrzycki ZPY
59%
Szczecin ZS
59%
Sławieński ZSL
59%
Stargardzki ZST
59%
Świdwiński ZSW
59%
Szczecinecki ZSZ
59%
Wałecki ZWA
59%
Bielski (Bielsk Podlaski) BBI
56%
Wałbrzych DB
56%
Oławski DOA
56%
Wrocław DX
56%
Bocheński KBC
56%
Łęczyński LLE
56%
Łukowski LLU
56%
Rycki LRY
56%
Świdnicki (Świdnik) LSW
56%
Tomaszowski (Lubelski) LTM
56%
Lubelski LUB
56%
Włodawski LWL
56%
Olecki NOE
56%
Grodziski (Wielkopolski) PGO
56%
Gostyński PGS
56%
Leszczyński PLE
56%
Poznański POZ
56%
Pleszewski PPL
56%
Rawicki PRA
56%
Śremski PSE
56%
Słupecki PSL
56%
Średzki (Wielkopolski) PSR
56%
Szamotulski PSZ
56%
Turecki PTU
56%
Wągrowiecki PWA
56%
Wolsztyński PWL
56%
Wrzesiński PWR
56%
Złotowski PZL
56%
Brzozowski RBR
56%
Jasielski RJS
56%
Leski RLS
56%
Przemyśl RP
56%
Przemyski RPR
56%
Sanocki RSA
56%
Rzeszowski RZE
56%
Częstochowski SCZ
56%
Chorzów SH
56%
Jastrzębie-Zdrój SJZ
56%
Rybnicki SRB
56%
Ruda Śląska SRS
56%
Tarnogórski STA
56%
Świętochłowice SW
56%
Bytom SY
56%
Żory SZO
56%
Buski TBU
56%
Jędrzejowski TJE
56%
Kielce TK
56%
Kielecki TKI
56%
Konecki TKN
56%
Opatowski TOP
56%
Ostrowiecki TOS
56%
Pińczowski TPI
56%
Sandomierski TSA
56%
Skarżyski TSK
56%
Starachowicki TST
56%
Ostrowski (Mazowiecki) WOR
56%
Przasnyski WPZ
56%
Sochaczewski WSC
56%
Węgrowski WWE
56%
Wołomiński WWL
56%
Wyszkowski WWY
56%
Białogardzki ZBI
56%
Gorzowski FGW
53%
Nowomiejski NNM
53%
Konin PKO
53%
Bieszczadzki RBI
53%
Dębicki RDE
53%
Jarosławski RJA
53%
Łańcucki RLA
53%
Leżajski RLE
53%
Lubaczowski RLU
53%
Niżański RNI
53%
Stalowowolski RST
53%
Tarnobrzeg RT
53%
Wodzisławski SWD
53%
Kazimierski TKA
53%
Staszowski TSZ
53%
Warszawa: Mokotów WE
53%
Przysuski WPY
53%
Świnoujście ZSW
53%
Wałbrzyski DBA
50%
Nowy Sącz KS
50%
Poznań PY
50%
Kolbuszowski RKL
50%
Tarnobrzeski RTA
50%
Piekary Śląskie SPI
50%
Warszawa: Białołęka WA
50%
Warszawa: Bielany WD
50%
Warszawski Zachodni WZ
50%
Lubartowski LLB
47%
Konin PN
47%
Poznański PZ
47%
Przeworski RPZ
47%
Ropczycko-Sędziszowski RRS
47%
Strzyżowski RSR
47%
Siemianowice Śląskie SI
47%
Warszawa: Praga Północ WH
47%
Warszawa: Śródmieście WI
47%
Warszawa: Rembertów, Wilanów, Włochy WW
47%
Warszawa: Praga Południe WF
44%
Warszawa: Targówek WJ
44%
Warszawa: Ursus WK
44%
Warszawa: Ursynów WN
44%
Warszawa: Wawer WT
44%
Warszawa: Ochota WU
44%
Warszawa: Wesoła, Żoliborz WX
44%
Warszawa: Wola WY
44%
Szczecin ZZ
44%
Białobrzeski WBR
41%
Ruda Śląska SL
29%
Włoszczowski TLW
26%
Karkonoski DJE
24%
Wołomiński WV
24%
Mielecki LMI
3%
Radomski WPR
3%
Nie znaleziono quizów pasujących do podanych kryteriów
Rozkład punktacji
Procent ludzi z każdym wynikiem
Percentyl według liczby udzielonych odpowiedzi
Twoja historia wyników
Nie rozwiązałeś tego quizu